| 000 | 00476nam a2200169Ia 4500 | ||
|---|---|---|---|
| 999 |
_c27869 _d27869 |
||
| 003 | OSt | ||
| 005 | 20201124102553.0 | ||
| 008 | 190216s9999||||xx |||||||||||||| ||und|| | ||
| 040 | _coclc | ||
| 082 |
_a894.8123 _bRAD/I |
||
| 100 |
_aRadhakrishnan, C _96488 |
||
| 245 | 0 |
_aIniyoru Nirakanchiri / _cC Radhakrishnan |
|
| 260 |
_bHi Tech Books, _a Kochi: _c2000. |
||
| 300 | _a428p | ||
| 650 | _aNovel | ||
| 942 |
_cBK _2ddc _h894.8123 _iRAD/I _k894.8123 _mRAD/I |
||